000 00516nam a22001817a 4500
005 20251108170659.0
008 250721s1981 xx 000 0 eng d
082 1 4 _aR/068.56/RES
245 1 2 _aA guide book of Islamic cultural Institutions /
264 1 _aIstanbu; :
_bResearch centre....,
_c1981.
300 _a288p.
650 1 7 _aIslam
650 1 7 _aWorld - Cultural
650 1 7 _aGuide books
710 2 _aResearch centre for islamic history Art & culture (Istanbul)
942 _2ddc
_cREF
999 _c46458
_d46458